Estudios sobre los orígenes del peronismo : 2 /
Guardado en:
| Autor Principal: | |
|---|---|
| Otros Autores: | |
| Formato: | Libro |
| Publicado: |
Buenos Aires :
Siglo Xxi Argentina,
1973
|
| Materias: | |
| Etiquetas: |
Agregar Etiqueta
Sin Etiquetas, Sea el primero en etiquetar este registro!
|
| LEADER | 01251nam a22002055a 4500 | ||
|---|---|---|---|
| 001 | CEM.cems009140 | ||
| 005 | 20090907105237.0 | ||
| 008 | 130507s1973##################000#0#####d | ||
| 003 | CEMS | ||
| 082 | 0 | 4 | |a 982.06 |
| 100 | 1 | |a Panaia, Marta | |
| 245 | 1 | 0 | |a Estudios sobre los orígenes del peronismo : |b 2 / |c Marta Panaia, Ricardo Lesser, Pedro Skupch |
| 260 | |a Buenos Aires : |b Siglo Xxi Argentina, |c 1973 | ||
| 300 | |a 163 p. | ||
| 505 | 0 | |a El deterioro y fin de la hegemonía británica sobre la economía argentina 1914-1917 -- Gran Bretaña y la economía colonial -- La hegemonía británica en la Argentina -- La penetración norteamericana en la economía argentina -- El comercio triangular y el tratado de D'Abernon -- El abandono del patron oro -- Competencia y defensa de la hegemonía -- El fin de hegemonía económica -- Las estrategias militares frente al proceso de industrialización (1943-1947) -- Los problemas de una categorización sociológica del ejercito -- Las propuestas alternativas de los militares al proceso de industrialización | |
| 653 | |a Historia | ||
| 653 | |a Historia argentina 1910-1945 | ||
| 653 | |a Peronismo | ||
| 700 | 1 | |a Lesser, Ricardo / Skupch, Pedro | |
| 859 | |a CEMS |b BIB. CEMS - 11 de abril |h 982.06 |i P191 |p 18779.96 |t Ej.1 | ||
